000 00320nam a22001457a 4500
999 _c12591
_d12591
003 MAJU-Karachi
005 20201003140107.0
008 201003b ||||| |||| 00| 0 eng d
024 _aB00N4E83CQ
040 _c123
100 _aJames S. Nairne
245 _aPsychology
250 _a5th
942 _2ddc
_cPSYCHOLOGY